000 00580nam a2200181Ia 4500
008 170725s9999 xx 000 0 und d
100 _aNegina Kencono Putri
245 _aIndependence of Audit Ethical Decision Making Process: A Case of Indonesia
245 _cNegina Kencono Putri | Wiwiek Rabiatul Adawiyah | Bambang Agus Pramuka
260 _c2017
300 _apages 115-124, January
440 _aDLSU Business & Economics Review
_v26:2
500 _aCJ0034
650 _aAUDIT ETHICAL
650 _aDECISION MAKING
650 _aINDEPENDENCE
650 _aINDONESIA
999 _c340918
_d340918